000 00489nam a22001577a 4500
003 macl
005 20170521153816.0
008 170521b xxu||||| |||| 00| 0 eng d
040 _cmacl
082 _a891.433
100 _aतिवारी, कनिका
_965459
245 _aसुभद्रा कुमारी चौहान
260 _aदिल्‍ली
_bआरोग्‍य निधि
_c2016
650 _aकहानियां
_933092
942 _2ddc
_cHIN
999 _c56343
_d56343